000 00634nam a2200241Ia 4500
003 OSt
005 20221007100950.0
006 a|||||r|||| 00| 0
007 ta
008 221006b |||||||| |||| 00| 0 eng d
024 _a5,556
037 _cTextual
040 _aLCO
_cLCO
_beng
041 _2eng
_aeng
082 _aZ1N48,91, K6
100 _aVIDWANS M D
245 0 _aJurisprudence principles on contracts in common wealth.
260 _aPoona
_bPoona University
_c1966
300 _a197
650 _aJURISPRUDENCE
942 _hZ1N48,91, K6
_cTEXL
999 _c1175119
_d1175119